000 00242nam a22000857a 4500
008 160702b xxu||||| |||| 00| 0 eng d
100 _91767
_a Sharma, B.M
245 _aClassroom Administration
260 _aNew Delhi
_bCommon Wealth Publication
_c2005
999 _c1471
_d1471